| 000 | 00717nam a2200229Ia 4500 | ||
|---|---|---|---|
| 005 | 20250508164955.0 | ||
| 008 | 008 250505s9999 xx 000 0 eng d | ||
| 020 | _a978-81-95776-2-1 | ||
| 037 | _aTextual | ||
| 040 |
_aFEDL _beng _cFEDL |
||
| 041 |
_aeng _2eng |
||
| 084 |
_a891.2, KUL _qFEDL |
||
| 100 | _aKulshreshtha Abha Ed. | ||
| 245 | 0 | _aFauna: Animal and bird kingdom in sanskrit literature. | |
| 260 |
_aDelhi, India _bSanskrit Sangeet Kala Prakashan _c2005 |
||
| 300 | _axxvi,396p. | ||
| 365 |
_aINR _b1200 |
||
| 490 | _aKalidasa academy of sanskrit music and fine arts series; 13 | ||
| 546 | _aManika Dhawal festschrift. | ||
| 942 |
_cTEXL _h891.2, KUL |
||
| 999 |
_c1392419 _d1392419 |
||